000 00647nam a2200181 a 4500
001 2802
003 CO-ViMGA
008 141112s2004 ck r 000 u spa d
040 _aCO-ViMGA
_bspa
_cCO-ViMGA
082 0 4 _aR591 B415
245 1 0 _aBiblioteca de la fauna asombrosa
260 _aMexico :
_bFernandez,
_c1994
300 _a4 v
500 _aContenido : V.1, Tiburones, ballenas y delfines; V.2, Pitones y boas serpientes venenosas; V.3, Aves de presa araƱas; V.4, Gorilas y chimpances, lagartos y dragones.
590 _aDatos de inventario : 05362, 05363, 05364, 05365
650 1 4 _aANIMALES - ENCICLOPEDIAS
_96282
942 _2ddc
_cBK
999 _c14873
_d14873